A 4420/1918. számú rendelet judikaturájához

Elmentve itt :
Bibliográfiai részletek
Szerző: Beck Salamon
Dokumentumtípus: Cikk
Megjelent: 1933
Sorozat:Polgári jog : a hazai és külföldi magánjog és hiteljog szemléje 9
Kulcsszavak:Kötelmi jog adásvételi szerződés
Online Access:http://misc.bibl.u-szeged.hu/6091
LEADER 00632nab a2200169 i 4500
001 misc6091
005 20191106142346.0
008 170607s1933 hu o 0|| hun d
040 |a SZTE Miscellanea Repozitórium  |b hun 
041 |a hun 
100 1 |a Beck Salamon 
245 1 2 |a A 4420/1918. számú rendelet judikaturájához  |h [elektronikus dokumentum] /  |c  Beck Salamon 
260 |c 1933 
300 |a 371-372a 
490 0 |a Polgári jog : a hazai és külföldi magánjog és hiteljog szemléje  |v 9 
695 |a Kötelmi jog adásvételi szerződés 
856 4 0 |u http://misc.bibl.u-szeged.hu/6091/1/polgari_jog_1933_371-372a.pdf  |z Dokumentum-elérés